[Event "ICS rated blitz match"]
[Site "204.178.125.65"]
[Date "1999.10.29"]
[Round "?"]
[White "kelebek"]
[Black "Hossa"]
[Result "0-1"]
[WhiteElo "2127"]
[BlackElo "2453"]
[PlyCount "46"]
[EventDate "1999.??.??"]

1. e4 c5 2. Nf3 Nc6 3. d4 cxd4 4. Nxd4 g6 5. Nc3 Bg7 6. Be3 Nf6 7. Bc4 Qa5 8.
f3 d6 9. O-O O-O 10. a3 Bd7 11. Nb3 Qh5 12. Ne2 Qh4 13. Bf2 Qh6 14. Ng3 Be6 15.
Bd3 d5 16. Qe2 dxe4 17. Nxe4 Nxe4 18. Be3 Ng5 19. f4 Nh3+ 20. Kh1 Bxb2 21. f5
Ng5 22. Rab1 Be5 23. fxe6 23... Qxh2# {kelebek checkmated} 0-1

[Event "ICS rated blitz match"]
[Site "204.178.125.65"]
[Date "1999.10.29"]
[Round "?"]
[White "Hossa"]
[Black "kelebek"]
[Result "1-0"]
[WhiteElo "2457"]
[BlackElo "2123"]
[PlyCount "75"]
[EventDate "1999.??.??"]

1. e4 e5 2. Nf3 Nc6 3. Bb5 d6 4. d4 exd4 5. Nxd4 Bd7 6. Be3 Nxd4 7. Bxd7+ Qxd7
8. Bxd4 Nf6 9. Bxf6 gxf6 10. Nc3 Bg7 11. Qf3 O-O-O 12. O-O-O a6 13. Nd5 Qa4 14.
Qg4+ Kb8 15. Qxg7 Qxa2 16. Nxf6 Qa1+ 17. Kd2 Qa5+ 18. Ke2 Qb5+ 19. Kf3 Ka8 20.
Rb1 Qe5 21. Qh6 d5 22. Qf4 dxe4+ 23. Nxe4 Qh5+ 24. g4 Qh3+ 25. Qg3 Qh6 26. Qxc7
f5 27. gxf5 Qh3+ 28. Ng3 Rhf8 29. Qf4 Rd5 30. f6 Qe6 31. Rhe1 Qc6 32. Ne4 Rd6
33. Qxd6 Qxc2 34. Qxf8+ Ka7 35. Qc5+ Qxc5 36. Nxc5 b6 37. Re7+ Ka8 38. f7 {
kelebek resigns} 1-0

[Event "ICS rated blitz match"]
[Site "204.178.125.65"]
[Date "1999.10.29"]
[Round "?"]
[White "kelebek"]
[Black "Hossa"]
[Result "0-1"]
[WhiteElo "2119"]
[BlackElo "2461"]
[PlyCount "56"]
[EventDate "1999.??.??"]

1. e4 c5 2. Nf3 Nc6 3. d4 cxd4 4. Nxd4 g6 5. Nc3 Bg7 6. Be3 Nf6 7. Bc4 Qa5 8.
f3 d6 9. O-O O-O 10. Qe1 Nxd4 11. Bxd4 e5 12. Be3 Be6 13. Bd3 Rfe8 14. Qh4 d5
15. Bh6 Qb6+ 16. Kh1 Qxb2 17. Nxd5 Nxd5 18. Bxg7 Kxg7 19. exd5 Bxd5 20. f4 e4
21. f5 exd3 22. f6+ Kh8 23. Qh6 Rg8 24. Rad1 Rad8 25. Rxd3 Bxg2+ 26. Kg1 Rxd3
27. Rf2 Bh3 28. Re2 28... Qa1+ {kelebek resigns} 0-1

[Event "ICS rated blitz match"]
[Site "204.178.125.65"]
[Date "1999.10.29"]
[Round "?"]
[White "Hossa"]
[Black "kelebek"]
[Result "1-0"]
[WhiteElo "2465"]
[BlackElo "2115"]
[PlyCount "51"]
[EventDate "1999.??.??"]

1. e4 e5 2. Nf3 b6 3. Nxe5 Qe7 4. d4 d6 5. Bb5+ Nd7 6. Bc6 Rb8 7. Nf3 Ba6 8. c3
Ngf6 9. Bg5 h6 10. Bxf6 gxf6 11. Nh4 Kd8 12. Qa4 Bd3 13. Nd2 b5 14. Qxa7 Rb6
15. Nf5 Rxc6 16. Qa8+ Nb8 17. Qxb8+ Kd7 18. Nxe7 Kxe7 19. a4 Bg7 20. Qb7 Kd7
21. axb5 Rb6 22. Qd5 Bxb5 23. Qxf7+ Kc6 24. Ra7 Rc8 25. d5+ Kc5 26. b4# {
kelebek checkmated} 1-0

[Event "ICS rated blitz match"]
[Site "204.178.125.65"]
[Date "1999.10.29"]
[Round "?"]
[White "kelebek"]
[Black "Hossa"]
[Result "0-1"]
[WhiteElo "2111"]
[BlackElo "2469"]
[PlyCount "86"]
[EventDate "1999.??.??"]

1. e4 c5 2. Nf3 Nc6 3. d4 cxd4 4. Nxd4 g6 5. Nc3 Bg7 6. Be3 Nf6 7. Bc4 Qa5 8.
f3 d6 9. O-O O-O 10. Nb3 Qd8 11. Qe1 Bd7 12. Rd1 Re8 13. Qh4 Nh5 14. g4 Bf6 15.
Qh3 Rc8 16. Nd5 Bxb2 17. Qg2 Nf6 18. g5 Nxd5 19. Bxd5 Be6 20. c4 Ba3 21. f4 Qd7
22. f5 gxf5 23. exf5 Bxf5 24. Nd4 Nxd4 25. Bxd4 Bc5 26. Qf3 Bxd4+ 27. Rxd4 Be6
28. Bxb7 Rxc4 29. Rxc4 Bxc4 30. Bc6 Qd8 31. Bxe8 Qxe8 32. Re1 Qd7 33. Qe4 Be6
34. Rb1 Qc8 35. Qd4 Bxa2 36. Rb2 Qc1+ 37. Kf2 Bb3 38. Ke2 a5 39. h4 a4 40. h5
a3 41. Rd2 a2 42. Qb4 Qc4+ 43. Qxc4 43... Bxc4+ {kelebek resigns} 0-1

[Event "ICS rated blitz match"]
[Site "204.178.125.65"]
[Date "1999.10.29"]
[Round "?"]
[White "Hossa"]
[Black "kelebek"]
[Result "1-0"]
[WhiteElo "2473"]
[BlackElo "2107"]
[PlyCount "37"]
[EventDate "1999.??.??"]

1. e4 e5 2. Nf3 Nc6 3. Bb5 d6 4. d4 exd4 5. Nxd4 Bd7 6. Be3 Nxd4 7. Bxd7+ Qxd7
8. Bxd4 Nf6 9. Bxf6 gxf6 10. Nc3 f5 11. Qd5 O-O-O 12. Qd4 Kb8 13. Qxh8 f6 14.
Qxf6 fxe4 15. Qf4 Bg7 16. O-O Be5 17. Qxe4 Re8 18. Qa4 Qg7 19. Qxe8# {
kelebek checkmated} 1-0

[Event "ICS rated blitz match"]
[Site "204.178.125.65"]
[Date "1999.10.29"]
[Round "?"]
[White "PostModernist"]
[Black "Hossa"]
[Result "1-0"]
[WhiteElo "2610"]
[BlackElo "2476"]
[PlyCount "69"]
[EventDate "1999.??.??"]

1. Nf3 Nf6 2. c4 g6 3. g3 c5 4. Bg2 Bg7 5. Nc3 Nc6 6. a3 O-O 7. O-O e5 8. d3 d6
9. Rb1 Bg4 10. Bg5 Qd7 11. b4 cxb4 12. axb4 Bh3 13. Bxh3 Qxh3 14. Bxf6 Bxf6 15.
Nd5 Bd8 16. e3 Re8 17. Nd2 Re6 18. Qf3 f5 19. b5 Ne7 20. Nxe7+ Rxe7 21. Qd5+
Rf7 22. Ra1 Bf6 23. Qxd6 Rd8 24. Qe6 Ra8 25. Ne4 Be7 26. Nc3 Bf6 27. Nd5 Bh8
28. Nc7 Rd8 29. Rxa7 Kf8 30. Qb6 Kg8 31. Ne6 Rdf8 32. Nxf8 Kxf8 33. Qd6+ Kg7
34. Qxe5+ Rf6 35. Rxb7+ {Hossa resigns} 1-0

[Event "ICS rated blitz match"]
[Site "204.178.125.65"]
[Date "1999.10.29"]
[Round "?"]
[White "Hossa"]
[Black "PostModernist"]
[Result "0-1"]
[WhiteElo "2466"]
[BlackElo "2620"]
[PlyCount "109"]
[EventDate "1999.??.??"]

1. Nf3 Nf6 2. c4 g6 3. g3 Bg7 4. Nc3 O-O 5. d4 d6 6. Bg2 Bg4 7. Bg5 Nc6 8. h3
Bf5 9. O-O Na5 10. b3 Ne4 11. Nxe4 Bxe4 12. Qd2 c5 13. Bh6 Bxf3 14. Bxf3 Bxh6
15. Qxh6 cxd4 16. e3 dxe3 17. fxe3 e6 18. Bg2 Qe7 19. Rac1 Nc6 20. Rf4 Ne5 21.
Rd1 Rfd8 22. a3 Rac8 23. Rh4 f6 24. Rf1 Qg7 25. Qxg7+ Kxg7 26. Rhf4 f5 27. Rd4
b5 28. cxb5 Rc3 29. Rfd1 d5 30. Kf2 Rxb3 31. Ra4 Rb2+ 32. Kg1 Rd7 33. Rb4 Re2
34. Rb3 Rc7 35. Rf1 Rcc2 36. Bf3 Rh2 37. h4 Rh3 38. Bd1 Rxg3+ 39. Kh1 Rh3+ 40.
Kg1 Ra2 41. Rf4 Rg3+ 42. Kh1 Nc4 43. e4 Rgg2 44. Rh3 Rgd2 45. Rf1 Ne3 46. Bb3
Nxf1 47. Bxa2 Rxa2 48. exd5 exd5 49. Rf3 Nh2 50. Rc3 f4 51. Kg1 f3 52. Rc7+ Kf6
53. Rc6+ Ke5 54. Rc1 f2+ 55. Kh1 {Hossa resigns} 0-1

[Event "ICS rated blitz match"]
[Site "204.178.125.65"]
[Date "1999.10.29"]
[Round "?"]
[White "salzi"]
[Black "Hossa"]
[Result "1/2-1/2"]
[WhiteElo "2117"]
[BlackElo "2457"]
[PlyCount "72"]
[EventDate "1999.??.??"]

1. d4 Nf6 2. Nf3 g6 3. c4 Bg7 4. Nc3 O-O 5. e4 d6 6. Be2 Na6 7. O-O e5 8. d5
Nc5 9. Qc2 a5 10. Nd2 Bg4 11. f3 Bd7 12. Nb3 Na4 13. Nd1 Nb6 14. Be3 a4 15. Nd2
a3 16. b3 c6 17. Nc3 cxd5 18. cxd5 Qc7 19. Qd3 Rac8 20. Rac1 Na8 21. Ndb1 Qa5
22. Nb5 Ne8 23. Rxc8 Bxc8 24. Qc3 Qxc3 25. N1xc3 f5 26. Nxa3 Bd7 27. Nab5 Nac7
28. Nxc7 Nxc7 29. Rc1 Bf6 30. a4 h5 31. Bb6 Bg5 32. Rc2 Na8 33. Bf2 Nc7 34. Bb6
Na8 35. Bf2 Nc7 36. Bb6 36... Na8 {Game drawn by repetition} 1/2-1/2

[Event "ICS rated blitz match"]
[Site "204.178.125.65"]
[Date "1999.10.29"]
[Round "?"]
[White "Hossa"]
[Black "darthweber"]
[Result "1-0"]
[WhiteElo "2445"]
[BlackElo "2201"]
[PlyCount "73"]
[EventDate "1999.??.??"]

1. e4 c5 2. Nf3 d6 3. Bb5+ Bd7 4. Bxd7+ Nxd7 5. O-O Ngf6 6. Re1 e6 7. d3 Be7 8.
c4 O-O 9. Bf4 e5 10. Be3 Ne8 11. Nc3 Bf6 12. Nd5 g6 13. Nxf6+ Ndxf6 14. Bh6 Ng7
15. Ng5 Nfe8 16. Qb3 Qd7 17. a4 f6 18. Nh3 Rf7 19. a5 Ne6 20. Qc3 N8c7 21. f4
Nd4 22. fxe5 dxe5 23. Kh1 Rd8 24. Rf1 Nc6 25. Rf3 Nb4 26. Raf1 Qe6 27. Ng5 fxg5
28. Rxf7 Qxf7 29. Rxf7 Kxf7 30. Qxe5 Ne6 31. Bxg5 Nxg5 32. Qxg5 Rxd3 33. h3 b6
34. Qf4+ Ke6 35. e5 Rd1+ 36. Kh2 Re1 37. Qg4+ {darthweber resigns} 1-0

[Event "ICS rated blitz match"]
[Site "204.178.125.65"]
[Date "1999.10.29"]
[Round "?"]
[White "darthweber"]
[Black "Hossa"]
[Result "1-0"]
[WhiteElo "2195"]
[BlackElo "2451"]
[PlyCount "67"]
[EventDate "1999.??.??"]

1. Nf3 Nf6 2. g3 d5 3. Bg2 c6 4. O-O Bg4 5. Ne5 Bh5 6. d4 Nbd7 7. f4 e6 8. c3
Bd6 9. Be3 O-O 10. Nd2 Qb6 11. Qc1 Bxe2 12. Re1 Ba6 13. b4 Rad8 14. a4 Rfe8 15.
Qd1 Re7 16. g4 Qc7 17. g5 Ne8 18. Qh5 Qb6 19. a5 Qc7 20. Bf1 Bxf1 21. Rxf1 a6
22. Rf3 Qc8 23. Rh3 Nf8 24. Ndf3 Nc7 25. Ng4 Nb5 26. Nf6+ gxf6 27. gxf6 Nxd4
28. cxd4 Bxf4 29. Bxf4 e5 30. Qg5+ Ng6 31. Qh6 Qg4+ 32. Rg3 Qxg3+ 33. Bxg3 Re6
34. Qg7# {Hossa checkmated} 1-0

[Event "ICS rated blitz match"]
[Site "204.178.125.65"]
[Date "1999.10.29"]
[Round "?"]
[White "Hossa"]
[Black "episcopal"]
[Result "0-1"]
[WhiteElo "2425"]
[BlackElo "2200"]
[PlyCount "86"]
[EventDate "1999.??.??"]

1. Nf3 c5 2. g3 d5 3. Bg2 Nc6 4. O-O Nf6 5. d3 e5 6. e4 d4 7. Na3 Bg4 8. h3 Be6
9. Ng5 Bd6 10. Nxe6 fxe6 11. Nc4 O-O 12. Nxd6 Qxd6 13. f4 b6 14. fxe5 Nxe5 15.
Bg5 Kh8 16. Bxf6 Rxf6 17. Rxf6 gxf6 18. Qf1 Rf8 19. Qf4 Kg7 20. Rf1 Qc6 21. b3
b5 22. g4 h6 23. a3 c4 24. dxc4 bxc4 25. b4 d3 26. cxd3 Nxd3 27. Qd2 Qb6+ 28.
Kh1 Qd4 29. b5 c3 30. Qa2 e5 31. Qc2 Nf4 32. Rf3 Rc8 33. Bf1 Qd2 34. Qa4 c2 35.
Qxa7+ Kg6 36. Qf2 Qxf2 37. Rxf2 c1=Q 38. Kh2 Qe1 39. Rf3 Rc3 40. Rxf4 exf4 41.
Kg1 Qe3+ 42. Kh1 Rc1 43. h4 43... Qh3+ {Hossa resigns} 0-1

[Event "ICS rated blitz match"]
[Site "204.178.125.65"]
[Date "1999.10.29"]
[Round "?"]
[White "Lanky-Viking"]
[Black "Hossa"]
[Result "0-1"]
[WhiteElo "2063"]
[BlackElo "2424"]
[PlyCount "146"]
[EventDate "1999.??.??"]

1. Nf3 c5 2. c4 Nf6 3. g3 Nc6 4. d4 cxd4 5. Nxd4 d5 6. Nxc6 bxc6 7. Bg2 e5 8.
O-O Bc5 9. Bg5 Bd4 10. Nc3 Be6 11. e3 Bxc3 12. bxc3 Qa5 13. Bxf6 gxf6 14. cxd5
Bxd5 15. e4 Be6 16. Qf3 Qd8 17. Rfd1 Qe7 18. Qe3 O-O 19. f4 Rad8 20. Bf1 Rxd1
21. Rxd1 Rb8 22. Rd2 Rb1 23. Kf2 Ra1 24. c4 Rb1 25. f5 Bc8 26. c5 Bb7 27. Rd6
Rb2+ 28. Kg1 Rxa2 29. Qh6 Rc2 30. Qe3 Kg7 31. Bd3 Rc3 32. h4 Ba6 33. h5 Rxd3
34. h6+ Kf8 35. Rxd3 Bxd3 36. Qxd3 Qxc5+ 37. Kh2 Ke7 38. Qa6 Qb6 39. Qc8 a5 40.
Qh8 Qf2+ 41. Kh3 Qf1+ 42. Kh2 Qe2+ 43. Kg1 Qe3+ 44. Kf1 Qf3+ 45. Kg1 Qxg3+ 46.
Kf1 Qf4+ 47. Kg1 Qxh6 48. Qc8 Qg5+ 49. Kf1 Qf4+ 50. Kg1 Qg3+ 51. Kf1 Qf3+ 52.
Kg1 Qe3+ 53. Kf1 Qxe4 54. Qc7+ Kf8 55. Qxa5 Qxf5+ 56. Kg1 Qg5+ 57. Kf1 Qc1+ 58.
Kg2 Qc2+ 59. Kg1 Qd1+ 60. Kg2 Qd5+ 61. Qxd5 cxd5 62. Kf2 h5 63. Ke2 h4 64. Kf2
e4 65. Ke3 h3 66. Kd4 h2 67. Kxd5 e3 68. Kd6 h1=Q 69. Kc7 Qc1+ 70. Kd6 Qc4 71.
Kd7 e2 72. Kd6 e1=Q 73. Kd7 73... Qe7# {Lanky-Viking checkmated} 0-1

[Event "ICS rated blitz match"]
[Site "204.178.125.65"]
[Date "1999.10.29"]
[Round "?"]
[White "Hossa"]
[Black "SSM"]
[Result "1-0"]
[WhiteElo "2428"]
[BlackElo "2287"]
[PlyCount "143"]
[EventDate "1999.??.??"]

1. e4 e5 2. Nf3 Nf6 3. Nxe5 d6 4. Nf3 Nxe4 5. c4 Bf5 6. d4 Be7 7. Nc3 Nxc3 8.
bxc3 O-O 9. Be2 d5 10. cxd5 Qxd5 11. O-O c5 12. Re1 Nc6 13. Ba3 cxd4 14. Bxe7
Nxe7 15. cxd4 Nc6 16. Qb3 Qxb3 17. axb3 Rfd8 18. Bb5 a6 19. Bxc6 bxc6 20. Re7
Rd7 21. Rxa6 Rb8 22. Rxd7 Bxd7 23. Ne5 Be8 24. Nxc6 Rxb3 25. g4 Kf8 26. Ra8 Rc3
27. Ne5 Rc1+ 28. Kg2 Rd1 29. Nf3 f6 30. h4 Ke7 31. Ra7+ Bd7 32. Kg3 Rd3 33. Kf4
Kd6 34. Ke4 Rd1 35. Kf4 Rd3 36. Ke4 Rd1 37. g5 Bc6+ 38. Ke3 Bxf3 39. gxf6 Bd5
40. f7 Bxf7 41. Rxf7 Rg1 42. h5 h6 43. Ra7 Rg5 44. Ke4 Ke6 45. f4 Rxh5 46. Rxg7
Rh1 47. f5+ Kf6 48. Rg6+ Kf7 49. Kf4 h5 50. Kg5 h4 51. Rf6+ Ke7 52. Re6+ Kd7
53. Kf6 h3 54. Re4 h2 55. Re2 Kd6 56. Rf2 Rd1 57. Rxh2 Rxd4 58. Kf7 Ke5 59. f6
Rf4 60. Ke7 Rxf6 61. Re2+ Kf5 62. Rf2+ Ke5 63. Rxf6 Ke4 64. Kd6 Kd4 65. Re6 Kd3
66. Kc5 Kc3 67. Rd6 Kb3 68. Rd3+ Kc2 69. Kc4 Kb2 70. Rc3 Kb1 71. Kb3 Ka1 72.
Rc1# {SSM checkmated} 1-0

[Event "ICS rated blitz match"]
[Site "204.178.125.65"]
[Date "1999.10.29"]
[Round "?"]
[White "BugChess"]
[Black "Hossa"]
[Result "1/2-1/2"]
[WhiteElo "2262"]
[BlackElo "2438"]
[PlyCount "74"]
[EventDate "1999.??.??"]

1. d4 Nf6 2. c4 c5 3. Nf3 cxd4 4. Nxd4 e5 5. Nb5 d5 6. cxd5 Bc5 7. N5c3 O-O 8.
e3 Bf5 9. h3 Nbd7 10. Bc4 Nb6 11. b3 Bb4 12. Bd2 Rc8 13. O-O Bxb1 14. Qxb1
Nbxd5 15. Nxd5 Bxd2 16. Rd1 Ba5 17. Qf5 Qd6 18. Nxf6+ Qxf6 19. Qxf6 gxf6 20.
Rd7 Rb8 21. Bd5 Rbd8 22. Rxd8 Rxd8 23. Bxb7 Rd2 24. a4 Rd3 25. Rb1 Bb4 26. Be4
Rc3 27. g3 a5 28. Bf5 h6 29. Kg2 Kf8 30. Kf3 Kg8 31. Kg4 Kg7 32. Kh5 Bc5 33.
Kh4 Ba3 34. Kg4 Bb4 35. Kf3 Kg8 36. Kg2 Kf8 37. Kf3 37... Kg8 {
Game drawn by repetition} 1/2-1/2

[Event "ICS rated blitz match"]
[Site "204.178.125.65"]
[Date "1999.10.29"]
[Round "?"]
[White "Hossa"]
[Black "BugChess"]
[Result "1-0"]
[WhiteElo "2431"]
[BlackElo "2269"]
[PlyCount "133"]
[EventDate "1999.??.??"]

1. e4 c5 2. Nf3 e6 3. Nc3 a6 4. d4 cxd4 5. Nxd4 d6 6. Bd3 Nf6 7. O-O Be7 8. Rb1
O-O 9. Qe2 b5 10. Qf3 Bb7 11. Re1 Nbd7 12. Qg3 Nc5 13. Bh6 Ne8 14. Qg4 b4 15.
Nce2 Nxe4 16. Bxe4 Bxe4 17. Qxe4 gxh6 18. Nc6 Nf6 19. Qxb4 Qd7 20. Nxe7+ Qxe7
21. Qf4 Rfc8 22. Nd4 Qd8 23. Qxh6 Nd7 24. Rbd1 d5 25. Nxe6 fxe6 26. Qxe6+ Kh8
27. Rxd5 Ra7 28. Qf7 Qg8 29. Qxg8+ Rxg8 30. Re7 Rg7 31. Re8+ Rg8 32. Rxg8+ Kxg8
33. c4 Kf7 34. c5 Nf6 35. Rd4 Re7 36. Kf1 Re5 37. b4 Rd5 38. Rxd5 Nxd5 39. a3
Nc3 40. f4 Nb5 41. a4 Nc3 42. Kf2 Nxa4 43. Ke3 a5 44. bxa5 Nxc5 45. g4 Ke7 46.
f5 Kf6 47. Kf4 Nd3+ 48. Kg3 Nb4 49. Kh4 Na6 50. Kh5 Kg7 51. g5 Kg8 52. f6 Nc5
53. Kh6 Nd7 54. a6 Nb6 55. a7 Kf8 56. Kxh7 Na8 57. g6 Nc7 58. a8=Q+ Nxa8 59.
g7+ Kf7 60. g8=Q+ Kxf6 61. Qxa8 Ke5 62. Qd8 Kf5 63. Qd4 Ke6 64. Kg7 Ke7 65. Qd5
Ke8 66. Kf6 Kf8 67. Qd8# {BugChess checkmated} 1-0

[Event "ICS rated blitz match"]
[Site "204.178.125.65"]
[Date "1999.10.29"]
[Round "?"]
[White "BugChess"]
[Black "Hossa"]
[Result "0-1"]
[WhiteElo "2260"]
[BlackElo "2440"]
[PlyCount "118"]
[EventDate "1999.??.??"]

1. c4 b6 2. b3 e5 3. e3 Nc6 4. Be2 Nf6 5. Nc3 Bb7 6. Nf3 e4 7. Ng5 Nb4 8. Na4
Ng4 9. Nh3 Ne5 10. O-O Nbd3 11. Nb2 Nxc1 12. Qxc1 Ba3 13. Qc3 Qf6 14. Na4 Qd6
15. Qc2 O-O 16. Nc3 Rae8 17. Nb5 Qc5 18. Nxa7 d5 19. d4 exd3 20. Bxd3 Nxd3 21.
Qxd3 dxc4 22. Qxc4 Qa5 23. Qa4 Qxa4 24. bxa4 c6 25. a5 bxa5 26. Rab1 Rb8 27.
Rb3 Bb4 28. a3 Bd6 29. Rd1 Ba8 30. Rxb8 Rxb8 31. g3 Bxa3 32. Ng5 Bc5 33. Rd7
Rf8 34. Nxc6 h6 35. Nh3 Bxc6 36. Rc7 Bxe3 37. fxe3 Bf3 38. Ra7 Ra8 39. Rxa8+
Bxa8 40. Nf4 a4 41. Ne2 a3 42. Nd4 a2 43. Nb3 Be4 44. Na1 Kf8 45. Kf2 Ke7 46.
Kf1 Kd6 47. Kf2 Kc5 48. Ke2 Kb4 49. Kd2 Bf5 50. Ke2 Kc3 51. e4 Bxe4 52. Ke3 Kb2
53. Kd2 Kxa1 54. Ke2 Kb2 55. h3 a1=Q 56. Kf2 Qa3 57. Ke2 Qf3+ 58. Kd2 Qf2+ 59.
Kd1 59... Bc2# {BugChess checkmated} 0-1

[Event "ICS rated blitz match"]
[Site "204.178.125.65"]
[Date "1999.10.29"]
[Round "?"]
[White "Hossa"]
[Black "PostModernist"]
[Result "0-1"]
[WhiteElo "2448"]
[BlackElo "2645"]
[PlyCount "131"]
[EventDate "1999.??.??"]

1. e4 c5 2. Nf3 e6 3. Nc3 a6 4. d4 cxd4 5. Nxd4 Nc6 6. Bc4 Nf6 7. Bg5 Ne5 8.
Bb3 Be7 9. f4 Nc6 10. e5 Ng8 11. Nxc6 dxc6 12. Qxd8+ Kxd8 13. Bxe7+ Kxe7 14.
Ne4 a5 15. Nd6 Nh6 16. Rd1 a4 17. Bc4 b5 18. Bd3 Bd7 19. c4 b4 20. a3 bxa3 21.
bxa3 f6 22. exf6+ Kxd6 23. fxg7 Rhd8 24. Bxh7+ Ke7 25. Rd3 Kf7 26. Rg3 Rab8 27.
O-O Rb3 28. Rff3 Rxf3 29. gxf3 Ng8 30. Kf2 Nf6 31. Bc2 Rg8 32. h4 Ne8 33. Rg1
Nxg7 34. Rd1 Be8 35. Bxa4 Rh8 36. Rh1 Nf5 37. h5 Ke7 38. c5 Rh6 39. Rh2 Kd7 40.
Bd1 Rxh5 41. Rxh5 Bxh5 42. a4 Kc7 43. Bb3 Bxf3 44. Bxe6 Nd4 45. Bh3 Bh5 46. a5
Bf7 47. Bg4 Nb3 48. Ke3 Nxa5 49. Bd1 Kd7 50. Bc2 Nb3 51. Bxb3 Bxb3 52. f5 Ke7
53. Kf4 Kf6 54. Ke4 Bc2+ 55. Ke3 Bxf5 56. Kd4 Ke6 57. Kc4 Ke5 58. Kb3 Kd5 59.
Kb4 Be4 60. Kc3 Kxc5 61. Kd2 Kd4 62. Ke2 c5 63. Kf2 c4 64. Ke2 c3 65. Kd1 Ke3
66. Kc1 {Hossa resigns} 0-1

[Event "ICS rated blitz match"]
[Site "204.178.125.65"]
[Date "1999.10.29"]
[Round "?"]
[White "PostModernist"]
[Black "Hossa"]
[Result "1-0"]
[WhiteElo "2653"]
[BlackElo "2440"]
[PlyCount "90"]
[EventDate "1999.??.??"]

1. Nc3 c5 2. f3 d5 3. e4 d4 4. Nd5 e6 5. Bb5+ Nc6 6. Nf4 a6 7. Bxc6+ bxc6 8.
Nge2 Bd6 9. d3 Nf6 10. Ng3 Bb7 11. Nfe2 O-O 12. Bg5 Rb8 13. Qd2 e5 14. Nh5 Be7
15. Nxf6+ Bxf6 16. Bxf6 Qxf6 17. O-O-O Qe6 18. Kb1 Qg6 19. Nc1 Qd6 20. h4 f6
21. h5 h6 22. Nb3 Bc8 23. Qa5 Rb5 24. Qa3 f5 25. exf5 Bxf5 26. Qxa6 Bc8 27. Qa7
Be6 28. Nd2 Rfb8 29. b3 Qd8 30. Qa3 Ra5 31. Qb2 Qg5 32. g4 Qf4 33. Rh3 Bd5 34.
c4 Be6 35. Ne4 Qf7 36. Qc1 Qa7 37. Qc2 Ra8 38. Rd2 Rf8 39. Rg3 Qe7 40. g5 Kh8
41. gxh6 gxh6 42. Rdg2 Qh7 43. Rg6 Bf5 44. Qd2 Bxg6 45. hxg6 45... Rxa2 {
Hossa resigns} 1-0

[Event "ICS rated blitz match"]
[Site "204.178.125.65"]
[Date "1999.10.29"]
[Round "?"]
[White "Hossa"]
[Black "Varguz"]
[Result "0-1"]
[WhiteElo "2433"]
[BlackElo "2813"]
[PlyCount "107"]
[EventDate "1999.??.??"]

1. Nc3 d5 2. e4 dxe4 3. Nxe4 Bf5 4. Ng3 Bg6 5. Nf3 5... Nf6 {letzter Buchzug}
6. Ne5 Nbd7 7. Nxg6 hxg6 8. Bc4 Nb6 9. Bb3 a5 10. a4 e6 11. d3 Bd6 12. Ne2 Rxh2
13. Rxh2 Bxh2 14. g3 c5 15. Bg5 Qd6 16. Qd2 Nbd5 17. O-O-O Kd7 18. Rh1 Rh8 19.
Qxa5 Ng4 20. Rf1 b6 21. Qe1 Rh5 22. Bd2 Ne5 23. Qd1 Nf3 24. Bf4 Qc6 25. Bxd5
exd5 26. c4 d4 27. Kb1 g5 28. Bc1 g6 29. Qb3 Ne5 30. Re1 Qf3 31. Nxd4 Qxd3+ 32.
Ka1 Qxb3 33. Nxb3 Nxc4 34. Ka2 g4 35. Bf4 g5 36. Bd2 f5 37. Rd1 Kc6 38. Rc1 Kd5
39. Rd1 Ke4 40. Rh1 ({-2.72 Hiarcs 7.32:} 40. Rc1 40... Nd6 41. Be1 c4 42. Nd2+
Kd3 43. Nf1 Ne4 44. Ka3 {-0.71/8}) 40... Kf3 41. Bxg5 Kxf2 42. Bf4 ({
-2.77 Hiarcs 7.32:} 42. Bd8 42... Rh7 43. Rc1 Rd7 44. Bh4 {-1.45/9}) 42... Ne3
43. Nd2 Nd5 44. Nc4 ({-6.47 Hiarcs 7.32:} 44. Be5 44... Rh3 45. Nc4 Bxg3 46.
Bxg3+ Kxg3 47. Rd1 Nb4+ 48. Kb1 Rh6 49. Kc1 {-3.55/8}) 44... Nxf4 45. gxf4 g3
46. Rc1 g2 47. Ne5 g1=Q 48. Rxg1 Kxg1 49. Nc4 Rh6 50. Ne3 Bxf4 51. Nxf5 Rh2 52.
Kb1 Be5 53. b3 Rb2+ 54. Kc1 {Hossa resigns} 0-1

[Event "ICS rated blitz match"]
[Site "204.178.125.65"]
[Date "1999.10.29"]
[Round "?"]
[White "Mig"]
[Black "Hossa"]
[Result "1-0"]
[WhiteElo "2451"]
[BlackElo "2430"]
[PlyCount "100"]
[EventDate "1999.??.??"]

1. d4 Nf6 2. Bg5 e6 3. e3 d5 4. Nf3 c5 5. c3 Bd6 6. Bd3 Nc6 7. O-O O-O 8. Nbd2
e5 9. e4 dxe4 10. Bxf6 gxf6 11. Bxe4 cxd4 12. Nc4 Bc5 13. Qd3 h5 14. b4 Bb6 15.
b5 dxc3 16. bxc6 Qxd3 17. Bxd3 bxc6 18. Rac1 Bd4 19. Na3 Rd8 20. Nb1 Bxf2+ 21.
Rxf2 Rxd3 22. Nxc3 Kg7 23. Ne4 Rd8 24. Nh4 Rd4 25. Re1 Ra4 26. g3 Rxe4 27. Rxe4
Rb8 28. Nf5+ Bxf5 29. Rxf5 Kg6 30. Rf2 Rb1+ 31. Kg2 Rd1 32. Ra4 Rd7 33. Ra6 Rc7
34. Rc2 c5 35. Rf2 Kg7 36. Rfxf6 Rd7 37. Rf2 e4 38. Rc6 Rd5 39. Rc2 Rd8 40.
R6xc5 Kg6 41. Re5 Rd4 42. Kf2 f6 43. Ra5 Rd7 44. Ke3 Rd3+ 45. Kxe4 Rd7 46. Ra6
Re7+ 47. Kf3 Rd7 48. Re2 Rc7 49. Ree6 Kg7 50. Rxf6 50... Rc1 {Hossa resigns}
1-0

[Event "ICS rated blitz match"]
[Site "204.178.125.65"]
[Date "1999.10.29"]
[Round "?"]
[White "Smurskie"]
[Black "Hossa"]
[Result "0-1"]
[WhiteElo "1218"]
[BlackElo "2420"]
[Annotator "Hiarcs 7.32 (22s)"]
[PlyCount "17"]
[EventDate "1999.??.??"]

1. e4 c5 2. Nf3 e6 3. d4 cxd4 4. Nxd4 4... a6 $14 {Ueberdeckt b5} (4... Nf6 5.
f3 $11) 5. Nc3 Qc7 6. Be3 Bb4 7. Be2 $17 (7. Nde2 $14 $142 {
und Weiss spielt mit}) 7... Bxc3+ 8. bxc3 Qxc3+ 9. Qd2 $4 $19 {
fuehrt zu weiteren Sorgen} (9. Kf1 $142 9... Nf6 10. Bf3 $17) 0-1

[Event "ICS rated blitz match"]
[Site "204.178.125.65"]
[Date "1999.10.29"]
[Round "?"]
[White "Hossa"]
[Black "k64"]
[Result "1-0"]
[WhiteElo "2420"]
[BlackElo "2151"]
[Annotator "Hiarcs 7.32 (22s)"]
[PlyCount "59"]
[EventDate "1999.??.??"]

1. e4 g6 2. d4 Bg7 3. Nf3 d6 4. Bc4 4... c6 {Kontrolliert b5+d5} 5. Nc3 Nf6 6.
Bg5 O-O (6... Nxe4 7. Bxf7+ Kxf7 8. Nxe4 $14) 7. O-O b5 8. Bd3 a6 9. a4 Bb7 10.
axb5 cxb5 11. Re1 h6 12. Bf4 Nc6 13. Qe2 e5 14. dxe5 Nh5 15. Be3 dxe5 16. Qd2
$11 (16. Nd5 Ne7 17. Nb6 17... Rb8 $14) 16... Kh7 $14 (16... Nd4 17. Bxd4 exd4
18. Ne2 $11) 17. Bc5 Re8 18. Nd5 Nd4 19. Nxd4 exd4 20. Nb6 Qc7 21. Nxa8 $17 (
21. b4 $5 $142 {ist noch spielbar} 21... Rad8 22. Nd5 $11) 21... Qxc5 22. g4
$19 (22. f4 $5 $17) 22... Nf6 23. Qf4 Rxa8 24. e5 24... Qd5 $17 (24... Qc6 $5
$142 25. f3 Nd5 26. Qxd4 26... Re8 $19) 25. f3 {Sichert e4} 25... Nd7 $16 (
25... Ne8 $142 26. Be4 26... Qd7 $17) 26. Be4 26... Qxe4 $4 {
der starke Druck provoziert weitere Fehler} (26... Qxe5 $142 27. Qxe5 Nxe5 28.
Bxb7 28... Ra7 $16) 27. Rxe4 Bxe4 28. Qxe4 Re8 (28... Rb8 {
holt die Kuh nicht vom Eis} 29. f4 Nc5 30. Qxd4 $18) 29. f4 f6 (29... Nb8 $18 {
ist noch eine duenne Chance}) 30. Qb7 (30. Qb7 Nxe5 31. fxe5 fxe5 32. Rxa6 $18)
1-0

[Event "ICS rated blitz match"]
[Site "204.178.125.65"]
[Date "1999.10.29"]
[Round "?"]
[White "Hossa"]
[Black "k64"]
[Result "1-0"]
[WhiteElo "2431"]
[BlackElo "2140"]
[PlyCount "103"]
[EventDate "1999.??.??"]

1. e4 c5 2. Nf3 d6 3. Bb5+ Bd7 4. Bxd7+ Nxd7 5. O-O Ngf6 6. Re1 e6 7. d3 Be7 8.
c4 O-O 9. Bf4 a6 10. Nc3 Rb8 11. Bg5 h6 12. Bxf6 Bxf6 13. a4 Ne5 14. a5 Nc6 15.
Qa4 b5 16. cxb5 Bxc3 17. bxc3 axb5 18. Qa3 b4 19. Qb3 Ra8 20. cxb4 Nxb4 21. a6
Rxa6 22. Rxa6 Nxa6 23. Ra1 Nb8 24. Qb7 Qd7 25. Ra7 Qxb7 26. Rxb7 Rd8 27. Kf1
Nc6 28. Rc7 Nd4 29. Nxd4 cxd4 30. Ke2 Kf8 31. f4 Ke8 32. Rc4 e5 33. fxe5 dxe5
34. Rc7 Rd7 35. Rc5 f6 36. g4 Ke7 37. h4 Ra7 38. Rc2 Kd6 39. Rb2 g6 40. h5 gxh5
41. gxh5 Rc7 42. Kd2 Ke6 43. Rb8 f5 44. Rb6+ Kf7 45. Rxh6 Kg7 46. Rg6+ Kh7 47.
exf5 Rf7 48. f6 Ra7 49. Ke2 Ra2+ 50. Kf3 Rd2 51. f7 Rd1 52. Ke2 {k64 resigns}
1-0